Cassell dictionary of witchcraft
Αποθηκεύτηκε σε:
| Κύριος συγγραφέας: | |
|---|---|
| Μορφή: | Βιβλίο |
| Γλώσσα: | English |
| Δημοσίευση: |
New York :
Cassell,
c1998
|
| Θέματα: | |
| Ετικέτες: |
Προσθήκη ετικέτας
Δεν υπάρχουν, Καταχωρήστε ετικέτα πρώτοι!
|
MARC
| LEADER | 00000nam a2200000 i 4500 | ||
|---|---|---|---|
| 001 | 1/87128 | ||
| 008 | 990722s1998 eng d | ||
| 020 | |a 0-304-35098-2 | ||
| 035 | |l 10052227 | ||
| 040 | |a GR-MY-UA |b gre |e aacr | ||
| 041 | 0 | |a eng | |
| 082 | 0 | |a 133.4303 | |
| 100 | 1 | |a Pickering, David |d 1958- | |
| 245 | 1 | 0 | |a Cassell dictionary of witchcraft / |c David Pickering |
| 260 | |a New York : |b Cassell, |c c1998 | ||
| 300 | |a 294 p. | ||
| 650 | 0 | 0 | |a Witchcraft |x Dictionaries. |
| 650 | 0 | 0 | |a Witchcraft |x History. |
| 852 | |a INST |b LESVOS |e 19990722 |h 133.4303 PIC |p 005100020006 |q 005100020006 |t REF |y 23 | ||
| 901 | |a BIBL1-1999-2 | ||
| 909 | |a Λ |b 062736 | ||
| 922 | |a 1ΕΛΗ |b 199812 |c ΚΠΣ/ΚΥΒ |d LEADER | ||
| 950 | |a 023-1998-09-14 | ||
| 970 | |z 1999/07/28 |a ΜΟΥΣΤΑΚΑ |b ΠΗΝΕΛΟΠΗ | ||